000
00339nam a2200145Ia 4500
008
150201s2007 xx 000 0 und d
082
_a
610.3
_b
O07M
100
_a
OXFORD
245
_a
OXFORD MEDICAL DICTIONARY
250
_a
4TH
260
_b
OXFORD UNIVERSITY
_a
DELHI
_c
2007
300
_a
1-791
650
_a
DICTIONARIES
942
_2
ddc
_c
BK
999
_c
242
_d
242